Acteurs en H (par images). - Statistiques

Statistiques générales
  • Ce quiz a été pris 587 fois
  • Le résultat moyen est 8 sur 20
Statistiques - réponses
Par images Réponse % Correct
Tom Hanks
93%
Tom Holland
82%
Anthony Hopkins
74%
Chris Hemsworth
72%
Anne Hathaway
63%
Tom Hardy
59%
Salma Hayek
49%
Kévin Hart
48%
Isabelle Huppert
42%
Dustin Hoffman
35%
Amber Heard
33%
Mark Hamill
32%
Woody Harrelson
30%
Katharine Hepburn
27%
Josh Hutcherson
19%
Gene Hackman
15%
Charlton Heston
11%
Rita Hayworth
10%
Holly Hunter
5%
William Holden
5%
Aucun quiz correspondant
Distribution des résultats
% des personnes avec chaque résultat
Percentile par nombre de réponses
Votre historique - résultats
Vous n’avez pas pris ce quiz